Las ciudades de 100 mil de Argentina - Estadísticas

Estadísticas generales
  • Esta prueba ha sido intentada 2.129 veces
  • La puntuación promedio es 21 de 40
Estadísticas de respuestas
Población Prov. Ciudad % Correcto
16 224 751 CF,BA Buenos Aires
98%
1 705 741 CD Córdoba
96%
1 056 892 MZ Mendoza
89%
1 429 292 SF Rosario
89%
530 027 SF Santa Fe
84%
1 052 194 TM San Miguel de Tucumán
82%
192 582 CD Villa Carlos Paz
81%
546 613 SJ San Juan
78%
375 794 JY San Salvador de Jujuy
78%
671 015 SA Salta
75%
500 336 NQ,RN Neuquén
73%
644 234 BA Mar del Plata
71%
225 536 SL San Luis
68%
260 325 FO Formosa
67%
449 688 SE Santiago del Estero
67%
427 531 CR Corrientes
66%
208 638 LR La Rioja
64%
134 978 RN San Carlos de Bariloche
64%
230 366 CT San Fernando del Valle de Catamarca
62%
323 357 BA Bahía Blanca
59%
302 614 ER Paraná
57%
407 618 CC Resistencia
56%
389 070 MN Posadas
55%
132 887 LP Santa Rosa de Toay
49%
115 524 SC Río Gallegos
45%
189 960 CD Río Cuarto
43%
199 369 CH Comodoro Rivadavia
34%
139 191 MZ San Rafael
34%
138 549 BA Tandil
32%
104 657 CH Trelew
28%
175 683 ER Concordia
27%
106 900 BA Olavarría
25%
101 470 SF Rafaela
25%
160 350 BA San Nicolás de los Arroyos
19%
121 939 CD Villa María
18%
102 750 RN General Roca
17%
102 182 BA Pergamino
17%
111 396 SF Reconquista
16%
132 076 SL Villa Mercedes
16%
105 497 MZ San Martín
11%
No se encontraron pruebas coincidentes
Distribución de puntuación
Porcentaje de gente con cada puntuación
Porcentaje por número respondido
Historial de tus puntuaciones
No has intentado esta prueba.